000
00291nam a22001337a 4500
008
170929b xxu||||| |||| 00| 0 eng d
020
_a
9780321085641
041
_a
eng
080
_a
37
100
_a
47
101
_a
EDU
245
_a
TEACHING IN PROGRESS
_c
TARVERS, J,K
942
_2
udc
_c
BK
999
_c
30612
_d
30612